Black Dahlia /

Na minha lista:
Detalhes bibliográficos
Autor principal: Isham, Mark (Autor)
Outros Autores: Ellroy, James (Roteirista), Cohen, Rudy (Produtor), Zsigmond, Vilmos (Fotógrafo), Diamant, Moshe (Produtor), Johansson, Scarlett (Executante / ator), De Palma, Brian (Diretor), Friedman, Josh (Animador de cenário), Eckhart, Aaron (Executante / ator), Swank, Hilary (Executante / ator), Hartnett, Josh (Executante / ator), Kirshner, Mia (Executante / ator)
Formato: Slides
Idioma:Língua italiana
Publicado em: Roma : 01 Distribution, 2007
Tags: Adicionar Tag
Sem tags, seja o primeiro a adicionar uma tag!

MARC

LEADER 00000ngm a22000007i 4500
001 IT\ICCU\DDS\1460744
003 ItRI
005 20260124182812.0
008 151215s2007 it |||||||||||||||k|||||c
024 3 1 |a 8032807016191 
028 4 2 |a 01579  |b versione noleggio 
028 4 2 |a 01619  |b 01 Distribution 
040 |b ita 
041 7 |a ita  |2 ISO-639-2 
082 |a 791.43  |9 CINEMA  |2 19 
130 4 |a The black dahlia <film ; 2006>  |3 IT\ICCU\LO1\1116891 
245 0 0 |a Black Dahlia /  |c regia di Brian De Palma ; dal romanzo di James Ellroy ; soggetto: Ellroy James ; sceneggiatura: Friedman Josh ; musiche: Isham Mark ; fotografia: Zsigmond Vilmos ; cast: Hartnett Josh, Scarlett Johansson, Aaron Eckhart, ... [et al.]. 
260 |a Roma :  |b 01 Distribution,  |c 2007 
300 |a 1 DVD (116 min.) :  |b Azione dal vivo, Colore, Suono sul supporto, Stereofonico, Digitale, 625 PAL 
500 |a Produzione USA 2006. Contenuto all'interno del cofanetto "Diva collection" 01, 01 Distribution 02090. -durata: 116 min 
500 |a Vietato ai minori di 14 anni 
500 |a Contenuti sèeciali: backstage, B-roll, interviste, speciale Brian De Palma, trailer 
700 1 |a Ellroy, James  |0 IT\ICCU\CFIV\095966  |4 aus 
700 1 |a Cohen, Rudy  |0 IT\ICCU\DDSV\248006  |4 pro 
700 1 |a Zsigmond, Vilmos  |0 IT\ICCU\LO1V\258729  |4 pht 
700 1 |a Diamant, Moshe  |0 IT\ICCU\LO1V\324940  |4 pro 
700 1 |a Johansson, Scarlett  |0 IT\ICCU\MODV\265735  |4 prf 
700 1 |a De Palma, Brian  |0 IT\ICCU\RAVV\093017  |4 drt 
700 1 |a Isham, Mark  |0 IT\ICCU\RAVV\098047  |4 aut 
700 1 |a Friedman, Josh  |0 IT\ICCU\UBOV\489461  |4 sce 
700 1 |a Eckhart, Aaron  |0 IT\ICCU\UBOV\489508  |4 prf 
700 1 |a Swank, Hilary  |0 IT\ICCU\UBOV\496346  |4 prf 
700 1 |a Hartnett, Josh  |0 IT\ICCU\UBOV\681011  |4 prf 
700 1 |a Kirshner, Mia  |0 IT\ICCU\UBOV\713796  |4 prf 
710 2 |a 01 Distribution  |0 IT\ICCU\DDSV\000014  |4 pbl 
790 1 |a Zsigmond, William  |3 IT\ICCU\SBNV\045581  |z Zsigmond, Vilmos 
942 |2 ddc  |c VM  |n 0 
952 |0 0  |1 0  |4 0  |6 VO_1451_000000000000000  |7 0  |9 26517  |a BO  |b BO  |d 2026-01-24  |i 11295  |l 0  |o VO 1451  |p BO11295  |r 2026-01-24 18:28:12  |w 2026-01-24  |x [Sebina 5] [1 dvd]  |y VM  |z 1 dvd 
999 |c 22421  |d 22421